[Event "Arco op 45th"]
[Site "Arco"]
[Date "2023.10.15"]
[Round "9"]
[White "Salerno, Christian"]
[Black "Pernigo, Leonardo"]
[Result "1-0"]
[WhiteElo "1958"]
[BlackElo "1805"]
[PlyCount "71"]
[EventDate "2023.10.07"]
[EventType "swiss"]
[EventRounds "9"]
[EventCountry "ITA"]
[SourceTitle "Mega2024 Update 01"]
[Source "Chessbase"]
[SourceDate "2023.11.12"]
[SourceVersion "1"]
[SourceVersionDate "2023.11.12"]
[SourceQuality "1"]

1. e4 d6 2. d4 Nf6 3. Nc3 g6 4. Be3 c6 5. Qd2 b5 6. f3 Nbd7 7. Bd3 Nb6 8. b3 Qc7 9. g4 Bg7 10. h4 h5 11. g5 Nfd7 12. a4 b4 13. Nce2 a5 14. f4 c5 15. c4 Bb7 16. Nf3 cxd4 17. Bxd4 Bxd4 18. Nfxd4 Nc5 19. Qe3 Nxd3+ 20. Qxd3 Nd7 21. Ng3 Nc5 22. Qe3 0-0-0 23. 0-0-0 Kb8 24. Rhe1 e6 25. Kb2 Rhe8 26. Rd2 Qe7 27. Red1 e5 28. Nb5 exf4 29. Qxf4 Qe5+ 30. Qxe5 Rxe5 31. Nxd6 Nxe4 32. Ngxe4 Bxe4 33. Nxe4 Rxd2+ 34. Nxd2 Re2 35. Kc1 Rh2 36. Nf3 1-0

[Event "Arco op 45th"]
[Site "Arco"]
[Date "2023.10.13"]
[Round "7"]
[White "Pernigo, Leonardo"]
[Black "Zschiesing, Falk"]
[Result "1-0"]
[WhiteElo "1805"]
[BlackElo "1945"]
[PlyCount "91"]
[EventDate "2023.10.07"]
[EventType "swiss"]
[EventRounds "9"]
[EventCountry "ITA"]
[SourceTitle "Mega2024 Update 01"]
[Source "Chessbase"]
[SourceDate "2023.11.12"]
[SourceVersion "1"]
[SourceVersionDate "2023.11.12"]
[SourceQuality "1"]

1. d4 d6 2. c4 e5 3. Nc3 exd4 4. Qxd4 Nc6 5. Qd2 Nf6 6. g3 Be6 7. e4 Ne5 8. b3 Bg4 9. Bg2 Bc8 10. Bb2 c6 11. f4 Ned7 12. Rd1 Be7 13. Nf3 0-0 14. 0-0 Re8 15. Kh1 Qc7 16. Rfe1 Bf8 17. e5 dxe5 18. fxe5 Ng4 19. Ne4 Ndxe5 20. Nxe5 Nxe5 21. Qf4 f6 22. Nxf6+ gxf6 23. Qxf6 Qf7 24. Qxf7+ Kxf7 25. Bxe5 Bg4 26. Rd4 Bh5 27. Rd7+ Kg8 28. Rxb7 Re6 29. Be4 Be7 30. Bf5 Bf3+ 31. Kg1 Bc5+ 32. Kf1 Re7 33. Rxe7 Bxe7 34. Be6+ Kf8 35. Kf2 Bh5 36. g4 Bb4 37. Rf1 Ke7 38. Bf5 Rf8 39. Kg3 Be8 40. Rd1 h5 41. h3 a5 42. Bf4 Rg8 43. Bc7 Rg7 44. Rd3 Kf6 45. Bd8+ Ke5 46. Re3+ 1-0

[Event "Arco op 45th"]
[Site "Arco"]
[Date "2023.10.11"]
[Round "5"]
[White "Pernigo, Leonardo"]
[Black "Fuochi, Tommaso"]
[Result "0-1"]
[WhiteElo "1805"]
[BlackElo "2007"]
[PlyCount "124"]
[EventDate "2023.10.07"]
[EventType "swiss"]
[EventRounds "9"]
[EventCountry "ITA"]
[SourceTitle "Mega2024 Update 01"]
[Source "Chessbase"]
[SourceDate "2023.11.12"]
[SourceVersion "1"]
[SourceVersionDate "2023.11.12"]
[SourceQuality "1"]

1. d4 e6 2. c4 f5 3. Nf3 Nf6 4. g3 d5 5. Bg2 c6 6. b3 Bd6 7. 0-0 Qe7 8. Bb2 b6 9. Qc1 Bb7 10. Ba3 c5 11. e3 Nbd7 12. Rd1 dxc4 13. bxc4 Rc8 14. Nc3 a6 15. Rb1 Bxf3 16. Bxf3 cxd4 17. Bxd6 Qxd6 18. Rxd4 Qc7 19. Qd1 0-0 20. a4 Ne5 21. Be2 Rfd8 22. Rxd8+ Rxd8 23. Qb3 Rd6 24. h3 Ned7 25. Rd1 Nc5 26. Qc2 Qd8 27. Rxd6 Qxd6 28. Bf3 Nfd7 29. e4 Ne5 30. Be2 f4 31. gxf4 Ng6 32. e5 Qd4 33. f5 Nf4 34. Bf1 Qxe5 35. fxe6 Qxe6 36. Nd5 Nxh3+ 37. Bxh3 Qxh3 38. Qe2 Qd7 39. Nxb6 Qc6 40. Qe7 h6 41. a5 Qg6+ 42. Kf1 Ne6 43. Qd6 Qb1+ 44. Kg2 Qe4+ 45. f3 Nf4+ 46. Kg3 Nh5+ 47. Kf2 Qh4+ 48. Ke3 Qe1+ 49. Kd4 Qf2+ 50. Ke5 Qe3+ 51. Kd5 Qxf3+ 52. Ke6 Qf7+ 53. Ke5 Qf4+ 54. Ke6 Qe4+ 55. Qe5 Qc6+ 56. Ke7 Qb7+ 57. Ke6 Nf6 58. Qd6 Qf7+ 59. Ke5 Qh5+ 60. Kd4 Qd1+ 61. Ke5 Qe2+ 62. Kd4 Qd2+ 0-1

[Event "Arco op 45th"]
[Site "Arco"]
[Date "2023.10.10"]
[Round "4"]
[White "Deubelbeiss, Rene"]
[Black "Pernigo, Leonardo"]
[Result "0-1"]
[WhiteElo "1962"]
[BlackElo "1805"]
[PlyCount "114"]
[EventDate "2023.10.07"]
[EventType "swiss"]
[EventRounds "9"]
[EventCountry "ITA"]
[SourceTitle "Mega2024 Update 01"]
[Source "Chessbase"]
[SourceDate "2023.11.12"]
[SourceVersion "1"]
[SourceVersionDate "2023.11.12"]
[SourceQuality "1"]

1. c4 Nf6 2. g3 g6 3. Bg2 Bg7 4. Nc3 d6 5. e4 0-0 6. Nge2 e5 7. 0-0 Nc6 8. d3 Nh5 9. Be3 f5 10. exf5 Bxf5 11. h3 Be6 12. Ne4 Nf6 13. Bg5 Qd7 14. g4 Nxe4 15. Bxe4 Bxg4 16. hxg4 Qxg4+ 17. Ng3 Qxg5 18. b4 Rab8 19. Rb1 Nd4 20. Rb2 Kh8 21. Kg2 Nf5 22. Bxf5 gxf5 23. Qh5 Qxh5 24. Nxh5 Rg8 25. Nxg7 Rxg7+ 26. Kf3 Rg4 27. Rh1 Kg7 28. Rbb1 Kg6 29. Rh3 h5 30. Rbh1 Rh8 31. a4 h4 32. a5 Kh5 33. Ke3 Rhg8 34. b5 Rf4 35. R3h2 Rgg4 36. b6 axb6 37. axb6 c6 38. Ra1 e4 39. Ra7 Rf3+ 40. Ke2 Rg7 41. dxe4 fxe4 42. Ra8 h3 43. Re8 d5 44. cxd5 cxd5 45. Rd8 Rd3 46. Rh1 Rg6 47. Rh8+ Rh6 48. Rxh6+ Kxh6 49. Rb1 Kh5 50. Kf1 Kg4 51. Kg1 Kf3 52. Rc1 Rb3 53. Rd1 Rxb6 54. Rxd5 Rb1+ 55. Kh2 Kxf2 56. Kxh3 Rg1 57. Rd2+ Kf3 0-1